Normal view
MARC view
- Gómez Guzmán, Pedro
Entry Nombre Personal
001 - NUMERO DE CONTROL
- campo de control: 46694
003 - IDENTIFICADOR DE NUMERO DE CONTROL
- campo de control: UPN
005 - FECHA Y HORA DE LA ÜLTIMA TRANSACCIÓN
- campo de control: 20220923095020.0
008 - DATOS DE LONGITUD FIJA
- campo de control de longitud fija: 220923|| acn||aabn | a|a d
040 ## - FUENTE DE CATALOGACIÓN
- Agencia original de catalogación: MX-MxUPN
100 ## - ENCABEZAMIENTO - NOMBRE PERSONAL
- Nombre personal: Gómez Guzmán, Pedro
370 ## - LUGAR ASOCIADO
- Associated country: Bogotá, Colombia
371 ## - DIRECCIÓN
- Address: argeifontes@uniandes.edu.co
372 ## - CAMPO DE ACTIVIDAD
- Field of activity: Enseñanza de las matemáticas
373 ## - GRUPO ASOCIADO
- Associated group: Universidad de los Andes. Facultad de Educación
374 ## - OCUPACIÓN
- Occupation: Matemático
- Occupation: Profesor - Investigador universitario
670 ## - FUENTE EN LA QUE SE LOCALIZARON DATOS
- Cita de la fuente: En sitio web: Universidad de los Andes
- Información localizada: (Pedro Gómez Guzmán)
- Uniform Resource Identifier: https://educacion.uniandes.edu.co/es/profesores/pedro-gomez-guzman
902 ## - CATALOGADOR
- Catalogador: BLSM / 230922
